<?xml version="1.0" encoding="UTF-8"?>
<collection xmlns="http://www.loc.gov/MARC21/slim">
  <record>
    <leader>00000nam  2200000   4500</leader>
    <controlfield tag="001">INLIS000000000000636</controlfield>
    <controlfield tag="005">20180724135627</controlfield>
    <controlfield tag="008">180724|||||||||   |   |||   |||| ||   | </controlfield>
    <datafield tag="035" ind1=" " ind2=" ">
      <subfield code="0">010-0718000636</subfield>
    </datafield>
    <datafield tag="041" ind1=" " ind2=" ">
      <subfield code="a">id</subfield>
    </datafield>
    <datafield tag="082" ind1=" " ind2=" ">
      <subfield code="a">009</subfield>
    </datafield>
    <datafield tag="090" ind1=" " ind2=" ">
      <subfield code="a">R.009 PIM I 2015</subfield>
    </datafield>
    <datafield tag="100" ind1=" " ind2=" ">
      <subfield code="a">Syahrudin</subfield>
    </datafield>
    <datafield tag="245" ind1=" " ind2=" ">
      <subfield code="a">Optimalisasi Pengelolaan Aset Daerah Melalui Tertib Administrasi Yang Akuntabel Di Provinsi Kepulauan Bangka Belitung.</subfield>
    </datafield>
    <datafield tag="260" ind1=" " ind2=" ">
      <subfield code="a">Jakarta</subfield>
      <subfield code="b">LAN Jakarta</subfield>
      <subfield code="c">2015</subfield>
    </datafield>
    <datafield tag="300" ind1=" " ind2=" ">
      <subfield code="a">32 hlm.</subfield>
    </datafield>
    <datafield tag="500" ind1=" " ind2=" ">
      <subfield code="a">Berdasarkan Peraturan Pemerintah Nomor 27 Tahun 2014 tentang Pengelolaan Barang Milik Negara/Daerah bahwa salah satu azas dalam pengelolaan aset/barang milik daerah harus dilaksanakan adalah azas akuntabilitas.  Dalam rangka mengukur keberhasilan kinerja daerah, pengelolaan barang milik daerah/aset daerah menjadi salah satu ukuran untuk mengevaluasi kinerja daerah.  Sejalan dengan salah satu misi Pemerintah Provinsi Kepulauan Bangka Belitung dalam Rencana Pembangunan Jangka Menengah Daerah (RPJMD) 2012-2017, yaitu perwujudan good governance dan clean government, maka tujuan yang ingin dicapai dalam proyek perubahan ini adalah terlaksananya penataan aset yang baik dan akuntabel melalui penertiban administrasi, dan pengamanan aset di lapangan.  Pengelolaan barang milik daerah/aset daerah harus mendapat perhatian yang serius dari Pemerintah Daerah, dalam hal ini Pejabat Pengelola Barang Daerah beserta jajarannya, sehingga pada gilirannya nanti tidak menjadi temuan yang berulang dalam laporan hasil pemeriksaan BPK setiap tahun.</subfield>
    </datafield>
    <datafield tag="650" ind1=" " ind2=" ">
      <subfield code="a">Pengelolaan Aset</subfield>
    </datafield>
  </record>
</collection>
